Plats avec des Fruits de Mer - Mort Subite - Statistiques

Statistiques générales
  • Ce quiz a été pris 234 fois
  • Le résultat moyen est 5 sur 16
Answers on the Grid
Answers color-coded by a green-red scale on the quiz's grid according to % correct below.
Moules à la provençale
Oursinade
Bisque
Huîtres chaudes au champagne
Crevettes tempura
Homard Thermidor
Poulpe à la galicienne / Pulpo a la gallega
Vatapá
Coquille Saint-Jacques
Chaudrée de palourdes de Nouvelle-Angleterre
Bourride
Fabes con almejas
Kakuluwo curry / Cari kakuluwo
Marmite dieppoise
Takoyaki
Pot-en-pot des îles de la Madeleine
Gougères
Kesäkeitto
Yakitori
Guacamole
Pastrami on rye
Fish and chips
Salade niçoise
Bacalhau com natas
Croque-madame
Paella valencienne
Bulgogi
Escargots de Bourgogne
 
Statistiques - réponses
Réponse % Correct
Moules à la provençale
58%
Coquille Saint-Jacques
56%
Huîtres chaudes au champagne
55%
Crevettes tempura
53%
Homard Thermidor
47%
Poulpe à la galicienne / Pulpo a la gallega
40%
Bisque
36%
Oursinade
34%
Chaudrée de palourdes de Nouvelle-Angleterre
32%
Marmite dieppoise
18%
Pot-en-pot des îles de la Madeleine
16%
Takoyaki
13%
Bourride
7%
Fabes con almejas
6%
Vatapá
3%
Kakuluwo curry / Cari kakuluwo
0%
Aucun quiz correspondant
Distribution des résultats
% des personnes avec chaque résultat
Percentile par nombre de réponses
Votre historique - résultats
Vous n’avez pas pris ce quiz